000 00302nam a2200109Ia 4500
005 20251222114407.0
008 251222s1900||||xx |||||||||||||| ||spa||
082 _aDVD0092/J92H/2006
245 0 _aPadre Hugo de Censi: Un Sueño de Caridad en los Ándes
264 _bFajardo Olivares, Walter
942 _cDVD
999 _c1897
_d1897